| 000 -ლიდერი |
| ფიქსირებული სიგრძის საკონტროლო ველი |
00711nam a22001817a 4500 |
| 003 - საკონტროლო ნომრის იდენტიფიკატორი |
| საკონტროლო ველი |
Ge_BSU |
| 005 - ბოლო ოპერაციის თარიღი და დრო |
| საკონტროლო ველი |
20230410101408.0 |
| 008 - ფიქსირებული სიგრძის მონაცემთა ელემენტები - ზოგადი ინფორმაცია |
| ფიქსირებული სიგრძის საკონტროლო ველი |
230410s1990 ge ||||| |||| 00| 0 geo d |
| 041 ## - ენის კოდი |
| Language code of text/sound track or separate title |
geo |
| 080 ## - უნივერსალური ათობითი კლასიფიკაციის ინდექსი |
| Universal Decimal Classification number |
94(37) ჯ-27 |
| 100 ## - მთავარი ჩანაწერი - პიროვნების სახელი |
| Personal name |
ჯანელიძე, თ. |
| 9 (RLIN) |
17565 |
| 245 ## - ცნობა სათაურის შესახებ |
| Title |
მოთხრობები ძველი რომის ისტორიიდან |
| Statement of responsibility, etc |
თ. ჯანელიძე; რედ.: ლ. სანიკიძე. |
| 264 ## - წარმოების, გამოცემის, დისტრიბუციის და სხვა ცნობები |
| გამოცემის, წარმოების, დისტრიბუციის... ადგილი |
თბილისი : |
| გამოცემის, წარმოების, დისტრიბუციის... სახელწოდება |
განათლება, |
| გამოცემის, წარმოების, დისტრიბუციის... თარიღი |
1990. |
| 300 ## - ფიზიკური აღწერა |
| Extent |
135გვ. ; |
| Other physical details |
19სმ. |
| 653 ## - INDEX TERM--UNCONTROLLED |
| Uncontrolled term |
ძველი რომის ისტორია |
| 700 ## - ADDED ENTRY--PERSONAL NAME |
| Personal name |
სანიკიძე, ლ. |
| 9 (RLIN) |
476 |
| 942 ## - ADDED ENTRY ELEMENTS (KOHA) |
| Source of classification or shelving scheme |
|
| Koha item type |
წიგნი |